General estoria [marasso] /

Guardado en:
Autor Principal: Alfonso X El Sabio
Formato: Libro
Publicado: Madrid : A.g.solalinde, 1930
Materias:
Etiquetas: Agregar Etiqueta
Sin Etiquetas, Sea el primero en etiquetar este registro!
LEADER 00457nam a22001575a 4500
001 EHU.bham018751
003 AR-BHAM
005 20101110161242.0
008 130507s1930##################000#0#####d
082 9 0 |a 900 
100 1 |a Alfonso X El Sabio 
245 1 0 |a General estoria [marasso] /  |c Alfonso X El Sabio 
260 |a Madrid :  |b A.g.solalinde,  |c 1930 
300 |a 827 p. 
653 |a Historia 
859 |a AR-BHAM  |b BIB. HUMANIDADES - Arturo Marasso  |h 900  |i AL28  |p 1164.57  |t Ej.1  |v M